000 004570000a22001930004500
001 003904
003 MACL
005 20151021124653.0
008 151021b xxu||||| |||| 00| 0 eng d
040 _aMACL
_cMACL
041 _aEnglish
082 _a954/FRE
100 _aFreitas, F.C
_916204
245 _aBapu part 2
_cF.C Freitas
260 _aNew Delhi
_c1970
_bNational Book Trust,
350 _a8
650 _aHistory
_916205
942 _k954
_cBK
_2ddc
999 _c15797
_d15797